000 01300nam a2200229 i 4500
001 25241
003 ES-MaACL
005 20250628063303.0
007 t|
008 021223s1851 sp ||||1| spa d
100 1 _aArlincourt, Charles-Victor Prévost d',
_d1789-1856
_922897
_eaut
245 1 3 _aLa Italia roja o Historia de las revoluciones de Roma, Nápoles, Palermo, Mesina, Florencia, Parma, Módena, Turín, Milán y Venecia desde el advenimiento del papa Pío IX en junio de 1846 hasta que regresó a su capital en abril de 1850 /
_cescrita en fráncés por Charles-Victor Prévôst de'Arlincourt y traducida al castellano por un redactor de "La Esperanza"
246 1 _aHistoria de las revoluciones de Roma, Nápoles, Palermo, Mesina, Florencia, Parma, Módena, Turín, Milán y Venecia desde el advenimiento del papa Pío IX en junio de 1846 hasta que regresó a su capital en abril de 1850
260 _aMadrid :
_b[s.n.,
_c1851]
_f(Imp. de Manuel Pita)
300 _aXXXIV, 346 páginas ;
_c18 cm.
500 _aDonativo Ángel Calderón de la Barca
650 7 _9147658
_aRevoluciones-
_zEuropa-
_yS.XIX
852 _aES-MaACL
_cSPP3
_hDonat. Ángel Calderón de la Barca
_jG-10545
942 _2udc
_cMONANT
_n0
999 _c25241
_d25241